| 000 | 00726nam a2200241 a 4500 | ||
|---|---|---|---|
| 001 | 1700 | ||
| 003 | CDMR | ||
| 005 | 20151026134202.0 | ||
| 008 | 130130s2008||||sp |||||||||||||||||cat|d | ||
| 020 | _a9788493536077 | ||
| 040 |
_aCDMR _bcat _cCPC GIRONA |
||
| 100 | 1 |
_aMasip, Pere _91265 |
|
| 245 | 1 | 0 |
_aInternet a les redaccions _b: informació diària i rutines periodístiques _cPere Masip |
| 260 |
_aBarcelona _bTrípodos _c2008 |
||
| 300 | _a201 p. | ||
| 490 | 0 |
_aPapers d'Estudi _v20 |
|
| 650 | 0 | 4 |
_93188 _aPremsa digital |
| 650 | 0 | 4 |
_93137 _aWeb 2.0 |
| 650 | 0 | 4 |
_92272 _aPeriodisme _xInnovacions tecnològiques |
| 650 | 0 | 4 |
_93138 _aInternet _xArt d'escriure |
| 650 | 0 | 4 |
_93772 _aPeriodisme--Manuals d'estil |
| 942 |
_cMON _2udc |
||
| 999 |
_c1700 _d1700 |
||